[Event "Manitoba-ch"]
[Site "Winnipeg CAN"]
[Date "1999.02.20"]
[Round "6"]
[White "Hellsten, Ole"]
[Black "Gushuliak, Justin"]
[Result "1-0"]
[WhiteElo "2004"]
[BlackElo "2063"]
[PlyCount "59"]
[GameId "2160767911805669"]
[EventDate "1999.02.13"]
[EventType "tourn"]
[EventRounds "7"]
[EventCountry "CAN"]

1. d4 b5 2. Nf3 Bb7 3. e3 a6 4. Bd3 e6 5. O-O f5 6. c4 bxc4 7. Bxc4 Nf6 8. Nbd2 Be7 9. Qb3 Nc6 10. Bd3 Rb8 11. a3 g6 12. Qc2 O-O 13. Nb3 Qe8 14. Bd2 h6 15. Rac1 g5 16. Nc5 Bxc5 17. Qxc5 Qh5 18. Qc4 Ne7 19. Ne1 Rbc8 20. Bb4 Nfd5 21. Bxe7 Nxe7 22. Qb4 c5 23. Qxb7 c4 24. Rxc4 Rb8 25. Qxd7 Qf7 26. Rc7 Rfe8 27. Bc4 Rb6 28. Nd3 Qf8 29. Ne5 Kg7 30. Nc6 1-0

[Event "Manitoba-ch"]
[Site "Winnipeg CAN"]
[Date "1999.02.21"]
[Round "7"]
[White "Gibbons, Michael"]
[Black "Hellsten, Ole"]
[Result "1/2-1/2"]
[WhiteElo "2085"]
[BlackElo "2004"]
[PlyCount "28"]
[GameId "2160767911805670"]
[EventDate "1999.02.13"]
[EventType "tourn"]
[EventRounds "7"]
[EventCountry "CAN"]

1. e4 e6 2. d3 d5 3. Nd2 c5 4. Ngf3 Nc6 5. g3 g6 6. Bg2 Bg7 7. O-O Nge7 8. Re1 O-O 9. h4 e5 10. exd5 Nxd5 11. Nc4 Bg4 12. Ne3 Nxe3 13. Bxe3 Nd4 14. Bxd4 exd4 1/2-1/2

[Event "Manitoba-ch"]
[Site "Winnipeg CAN"]
[Date "1999.02.21"]
[Round "7"]
[White "Gushuliak, Justin"]
[Black "Gentes, Kevin"]
[Result "0-1"]
[WhiteElo "2063"]
[BlackElo "2366"]
[PlyCount "64"]
[GameId "2160767911805671"]
[EventDate "1999.02.13"]
[EventType "tourn"]
[EventRounds "7"]
[EventCountry "CAN"]

1. e4 c5 2. c3 d5 3. exd5 Qxd5 4. d4 Nf6 5. Nf3 e6 6. Be2 Nc6 7. O-O cxd4 8. cxd4 Be7 9. Nc3 Qd8 10. Bg5 O-O 11. Rc1 Qa5 12. Qa4 Qxa4 13. Nxa4 Rd8 14. Rfd1 Nd5 15. Bxe7 Ncxe7 16. Bc4 b6 17. Nc3 Bb7 18. a3 Rac8 19. Bxd5 Nxd5 20. Rc2 Nxc3 21. Rxc3 Rxc3 22. bxc3 Rc8 23. Rc1 Bxf3 24. gxf3 Rc4 25. Kf1 Kf8 26. Ke2 Ke7 27. Kd3 Ra4 28. Ra1 Kd6 29. Kc2 Ra5 30. Kd3 Rh5 31. Rg1 g6 32. Rg2 Ra5 0-1

[Event "Manitoba-ch"]
[Site "Winnipeg CAN"]
[Date "1999.02.21"]
[Round "7"]
[White "Henson, Joshua"]
[Black "Cleto, Sam"]
[Result "1-0"]
[WhiteElo "2129"]
[BlackElo "1975"]
[PlyCount "139"]
[GameId "2160767911805672"]
[EventDate "1999.02.13"]
[EventType "tourn"]
[EventRounds "7"]
[EventCountry "CAN"]

1. e4 c6 2. d4 d5 3. exd5 Qxd5 4. Nf3 Bg4 5. Be2 e6 6. c4 Bb4+ 7. Nc3 Qa5 8. Qb3 Nf6 9. a3 Bxc3+ 10. Qxc3 Qxc3+ 11. bxc3 Ne4 12. Bb2 Nd7 13. h3 Bxf3 14. Bxf3 Ng5 15. Be2 Nb6 16. Bd3 f5 17. f3 Na4 18. Bc1 h6 19. Bc2 Nb6 20. Bb3 O-O-O 21. O-O Rhe8 22. Bf4 Nf7 23. Rfe1 g5 24. c5 Nd5 25. Be5 Nxe5 26. Rxe5 Kd7 27. Bxd5 cxd5 28. Rae1 Re7 29. c4 dxc4 30. d5 Rde8 31. d6 Rf7 32. Rd1 Rc8 33. Rde1 Rf6 34. Rb1 b6 35. cxb6 axb6 36. Rxb6 c3 37. Re1 c2 38. Rc1 e5 39. Rb2 Rxd6 40. Rbxc2 Rxc2 41. Rxc2 Ra6 42. Rc3 Kd6 43. Kf2 h5 44. Ke2 Ra5 45. Ke3 Kd5 46. Kd3 Ra4 47. Ke3 h4 48. Rd3+ Kc5 49. Rc3+ Kb5 50. Ke2 Rc4 51. Kd2 Ra4 52. Ke2 Rd4 53. Rc8 Ra4 54. Rg8 e4 55. Rxg5 exf3+ 56. gxf3 Kc6 57. Rxf5 Kd6 58. Rh5 Ke6 59. Rg5 Rxa3 60. Rg4 Ra2+ 61. Ke3 Ra3+ 62. Kf4 Ra4+ 63. Kg5 Ra3 64. Re4+ Kf7 65. Rf4+ Kg7 66. Kxh4 Ra1 67. Rb4 Kh6 68. Kg3 Rg1+ 69. Kf2 Rg8 70. Rh4+ 1-0

[Event "Manitoba-ch U20"]
[Site "Winnipeg CAN"]
[Date "1999.09.18"]
[Round "1"]
[White "Gushuliak, Justin"]
[Black "Lafreniere, Adrian"]
[Result "1-0"]
[WhiteElo "2089"]
[BlackElo "1755"]
[PlyCount "35"]
[GameId "2160767911742116"]
[EventDate "1999.09.18"]
[EventType "swiss"]
[EventRounds "4"]
[EventCountry "CAN"]

1. e4 Nc6 2. d4 e6 3. Nf3 Be7 4. Bd3 Nf6 5. O-O O-O 6. Nc3 d6 7. Qe2 a6 8. Bg5 Ne8 9. Bf4 f5 10. exf5 exf5 11. Nd5 Bf6 12. Rad1 Bd7 13. Rfe1 Bxd4 14. Bc4 Bxb2 15. Nxc7+ Kh8 16. Nxa8 Qxa8 17. Ng5 Nd8 18. Qe7 1-0

[Event "Manitoba-ch U20"]
[Site "Winnipeg CAN"]
[Date "1999.09.18"]
[Round "1"]
[White "Medes, Bartek"]
[Black "Lipnowski, Samuel"]
[Result "0-1"]
[WhiteElo "1599"]
[BlackElo "2030"]
[PlyCount "77"]
[GameId "2160767911742117"]
[EventDate "1999.09.18"]
[EventType "swiss"]
[EventRounds "4"]
[EventCountry "CAN"]

1. d4 Nf6 2. c4 c5 3. d5 b5 4. cxb5 a6 5. bxa6 Bxa6 6. Nc3 d6 7. Nf3 g6 8. e4 Bxf1 9. Kxf1 Bg7 10. g3 O-O 11. Kg2 Na6 12. h3 Qb6 13. Rb1 Nc7 14. Bf4 Rfd8 15. Qe2 e6 16. Rhd1 exd5 17. exd5 Qb7 18. Qd2 Ra6 19. Bh6 Rb8 20. Bxg7 Kxg7 21. b3 Rb6 22. Ng5 Ne6 23. Nxe6+ fxe6 24. Kh2 e5 25. f4 exf4 26. Qxf4 Rf8 27. Qe3 Rf7 28. Rb2 Ra6 29. Rf2 Ra8 30. Qe6 Ng4+ 31. hxg4 Rxf2+ 32. Kg1 Rf6 33. Qe4 Raf8 34. Re1 Qa6 35. Qe2 Qb6 36. Qb5 Qa7 37. Ne4 R6f7 38. Ng5 c4+ 39. Kh2 0-1

[Event "Manitoba-ch U20"]
[Site "Winnipeg CAN"]
[Date "1999.09.18"]
[Round "1"]
[White "Xia, Yanchong"]
[Black "Lasker, Justin"]
[Result "1/2-1/2"]
[WhiteElo "1814"]
[BlackElo "1195"]
[PlyCount "66"]
[GameId "2160767911742118"]
[EventDate "1999.09.18"]
[EventType "swiss"]
[EventRounds "4"]
[EventCountry "CAN"]

1. e4 c5 2. Nf3 Nc6 3. d4 cxd4 4. Nxd4 Nf6 5. Nc3 g6 6. Be3 Bg7 7. f3 d6 8. Bc4 O-O 9. Qd2 Bd7 10. Bb3 Rc8 11. O-O-O Ne5 12. g4 Nc4 13. Bxc4 Rxc4 14. Kb1 Qc7 15. Nb3 Rc8 16. Bh6 Bh8 17. h4 a5 18. h5 a4 19. Nc1 a3 20. hxg6 fxg6 21. Nd5 Nxd5 22. Qxd5+ e6 23. Qxd6 Rxc2 24. Qxa3 Rxb2+ 25. Qxb2 Bxb2 26. Kxb2 Qc2+ 27. Ka1 Ba4 28. Rd3 Rc3 29. Rd8+ Kf7 30. Rh8 Kf6 31. Rxh7 b5 32. Bg7+ Kg5 33. R7h2 Qxc1+ 1/2-1/2

[Event "Manitoba-ch U20"]
[Site "Winnipeg CAN"]
[Date "1999.09.18"]
[Round "2"]
[White "Lafreniere, Adrian"]
[Black "Xia, Yanchong"]
[Result "0-1"]
[WhiteElo "1755"]
[BlackElo "1814"]
[PlyCount "114"]
[GameId "2160767911742119"]
[EventDate "1999.09.18"]
[EventType "swiss"]
[EventRounds "4"]
[EventCountry "CAN"]

1. d4 Nf6 2. c4 g6 3. Nf3 Bg7 4. g3 O-O 5. Bg2 d6 6. Nc3 Nc6 7. b3 Bd7 8. Bb2 a6 9. O-O Rb8 10. Re1 Re8 11. e4 Bg4 12. h3 Bxf3 13. Bxf3 e5 14. dxe5 dxe5 15. Nd5 b5 16. Rc1 b4 17. Qe2 Nd4 18. Bxd4 exd4 19. Qd2 c5 20. Bg2 a5 21. Qg5 a4 22. Nxf6+ Bxf6 23. Qxc5 axb3 24. axb3 d3 25. Rcd1 Bc3 26. Rf1 d2 27. Kh1 Ra8 28. Qd5 Re5 29. Qxd8+ Rxd8 30. f4 Ra5 31. Bf3 Ra3 32. Rb1 Rd3 33. c5 Rxf3 34. Rxf3 Rxb3 35. Rff1 Rxb1 36. Rxb1 Kf8 37. Kg2 Ke7 38. Kf3 Kd7 39. e5 Kc6 40. Ke4 Kxc5 41. g4 Kc4 42. f5 b3 43. e6 fxe6 44. fxe6 Bb4 45. Ke3 Kc3 46. Ke2 Kc2 47. Rd1 b2 48. e7 Bxe7 49. Rxd2+ Kb1 50. Kd3 Ka1 51. Rxb2 Kxb2 52. Ke4 Kc3 53. Ke5 Kd3 54. Ke6 Ke3 55. Kxe7 Kf3 56. Kf7 Kg3 57. Kg7 Kxh3 0-1

[Event "Manitoba-ch U20"]
[Site "Winnipeg CAN"]
[Date "1999.09.18"]
[Round "2"]
[White "Lasker, Justin"]
[Black "Medes, Bartek"]
[Result "1/2-1/2"]
[WhiteElo "1195"]
[BlackElo "1599"]
[PlyCount "60"]
[GameId "2160767911742120"]
[EventDate "1999.09.18"]
[EventType "swiss"]
[EventRounds "4"]
[EventCountry "CAN"]

1. e4 c5 2. Nf3 d6 3. d4 cxd4 4. Nxd4 Nf6 5. Nc3 a6 6. f3 e6 7. Be3 Be7 8. Be2 Qb6 9. Qd2 Qxb2 10. Rb1 Qa3 11. Rb3 Qa5 12. O-O Nbd7 13. Rbb1 b5 14. Nc6 Qc7 15. Nxe7 Kxe7 16. Rfd1 Rd8 17. Bf4 Qc5+ 18. Kh1 Nb6 19. Be3 Qc7 20. e5 dxe5 21. Bc5+ Ke8 22. Qxd8+ Qxd8 23. Rxd8+ Kxd8 24. Bxb6+ Ke7 25. Rd1 Bb7 26. Be3 Rc8 27. Bd2 b4 28. Nb1 Rxc2 29. Bxb4+ Ke8 30. Nc3 Nd5 1/2-1/2

[Event "Manitoba-ch U20"]
[Site "Winnipeg CAN"]
[Date "1999.09.18"]
[Round "2"]
[White "Lipnowski, Samuel"]
[Black "Gushuliak, Justin"]
[Result "0-1"]
[WhiteElo "2030"]
[BlackElo "2089"]
[PlyCount "78"]
[GameId "2160767911742121"]
[EventDate "1999.09.18"]
[EventType "swiss"]
[EventRounds "4"]
[EventCountry "CAN"]

1. c4 Nf6 2. g3 e5 3. Bg2 d5 4. cxd5 Nxd5 5. Nf3 Nc6 6. O-O Be7 7. d4 exd4 8. Nxd4 Nxd4 9. Qxd4 Nf6 10. Qxd8+ Bxd8 11. Nc3 c6 12. e4 Be6 13. h3 Bb6 14. Re1 O-O-O 15. Bg5 h6 16. Be3 Bxe3 17. Rxe3 Rd2 18. Rb1 Rhd8 19. Ree1 Rc2 20. Rec1 Rdd2 21. Rxc2 Rxc2 22. Kf1 Nd7 23. Ke1 Nc5 24. Bf1 b5 25. a3 Bc4 26. h4 Bxf1 27. Kxf1 Nd3 28. Nd1 Kc7 29. Kg1 Kb6 30. b4 a5 31. Kg2 axb4 32. axb4 Rc4 33. Ne3 Rxb4 34. Rd1 Nc5 35. e5 Re4 36. Nf5 Rxe5 37. Nxg7 b4 38. Rd8 Kb5 39. Rd6 b3 0-1

[Event "Manitoba-ch U20"]
[Site "Winnipeg CAN"]
[Date "1999.09.19"]
[Round "3"]
[White "Gushuliak, Justin"]
[Black "Xia, Yanchong"]
[Result "1/2-1/2"]
[WhiteElo "2089"]
[BlackElo "1814"]
[PlyCount "60"]
[GameId "2160767911742122"]
[EventDate "1999.09.18"]
[EventType "swiss"]
[EventRounds "4"]
[EventCountry "CAN"]

1. e4 c5 2. Nf3 Nc6 3. d4 cxd4 4. Nxd4 Nf6 5. Nc3 e5 6. Ndb5 d6 7. Bg5 a6 8. Na3 b5 9. Nd5 Be7 10. Bxf6 Bxf6 11. c3 Ne7 12. Nxe7 Qxe7 13. Be2 Bb7 14. Bf3 O-O 15. O-O g6 16. Nc2 Bg7 17. Re1 f5 18. Nb4 Rad8 19. exf5 Bxf3 20. Qxf3 gxf5 21. Qd5+ Kh8 22. Nc6 Qb7 23. Rad1 Rc8 24. Nb4 Qxd5 25. Rxd5 a5 26. Nd3 e4 27. Nf4 Be5 28. Ne6 Rf6 29. Nd4 b4 30. Rc1 a4 1/2-1/2

[Event "Manitoba-ch U20"]
[Site "Winnipeg CAN"]
[Date "1999.09.19"]
[Round "3"]
[White "Lasker, Justin"]
[Black "Lipnowski, Samuel"]
[Result "0-1"]
[WhiteElo "1195"]
[BlackElo "2030"]
[PlyCount "100"]
[GameId "2160767911742123"]
[EventDate "1999.09.18"]
[EventType "swiss"]
[EventRounds "4"]
[EventCountry "CAN"]

1. e4 e6 2. d4 a6 3. Nf3 b5 4. Bf4 Bb7 5. Nbd2 Nf6 6. Bd3 c5 7. c3 d6 8. O-O Be7 9. Re1 O-O 10. Bc2 Nc6 11. Nb3 Qb6 12. dxc5 dxc5 13. Be3 Ng4 14. Qe2 Nxe3 15. Qxe3 Na5 16. Ne5 Rad8 17. Nxa5 Qxa5 18. a3 Qc7 19. Rad1 Qxe5 20. Rxd8 Rxd8 21. f4 Qc7 22. Rd1 Rxd1+ 23. Bxd1 c4 24. Qd2 Bxe4 25. Be2 h6 26. Bf1 Bc5+ 27. Kh1 Qd6 28. Qe2 Qxf4 29. Qe1 Bd3 30. Be2 Qe3 31. h3 Bxe2 32. Kh2 Bd6+ 33. Kh1 Bg3 34. Qb1 Qf2 35. Qg1 Qxg1+ 36. Kxg1 Kf8 37. Kh1 Ke7 38. Kg1 Kd6 39. Kh1 Kc5 40. Kg1 a5 41. h4 b4 42. axb4+ axb4 43. h5 bxc3 44. bxc3 Kb5 45. Kh1 Ka4 46. Kg1 Kb3 47. Kh1 Kxc3 48. Kg1 Kd2 49. Kh1 c3 50. Kg1 c2 0-1

[Event "Manitoba-ch U20"]
[Site "Winnipeg CAN"]
[Date "1999.09.19"]
[Round "4"]
[White "Lasker, Justin"]
[Black "Gushuliak, Justin"]
[Result "0-1"]
[WhiteElo "1195"]
[BlackElo "2089"]
[PlyCount "124"]
[GameId "2160767911742124"]
[EventDate "1999.09.18"]
[EventType "swiss"]
[EventRounds "4"]
[EventCountry "CAN"]

1. e4 c5 2. Nf3 Nc6 3. d4 cxd4 4. Nxd4 Nf6 5. Nc3 d6 6. f3 Nxd4 7. Qxd4 g6 8. Be3 Bg7 9. Qd2 O-O 10. Bc4 Be6 11. O-O-O Bxc4 12. Bh6 Bxh6 13. Qxh6 Qa5 14. a3 Rfc8 15. Rhe1 Be6 16. Qe3 Qc5 17. Qxc5 Rxc5 18. Na4 Rc7 19. Nc3 Rac8 20. Rd2 a6 21. Red1 Nd7 22. Kb1 Nb6 23. Nd5 Nxd5 24. exd5 Bf5 25. Rc1 h5 26. h4 a5 27. a4 Rc4 28. b3 Rxh4 29. g3 Rb4 30. f4 Rxb3+ 31. Ka2 Rxg3 32. Kb1 Rgc3 33. Kb2 Rxc2+ 34. Rdxc2 Rxc2+ 35. Rxc2 Bxc2 36. Kxc2 h4 37. Kd2 h3 38. Kc3 h2 39. Kc4 h1=Q 40. Kb5 Qxd5+ 41. Kb6 Kf8 42. Kc7 Ke8 43. Kc8 Qc6+ 44. Kb8 b6 45. Ka7 Kd7 46. Ka6 d5 47. Ka7 d4 48. Kb8 d3 49. f5 gxf5 50. Ka7 d2 51. Ka6 e5 52. Ka7 e4 53. Kb8 f4 54. Ka7 e3 55. Ka6 f3 56. Ka7 e2 57. Ka6 f2 58. Ka7 e1=N 59. Kb8 f1=B 60. Ka7 Bg2 61. Ka6 d1=Q 62. Ka7 Qb7# 0-1

[Event "Manitoba-ch U20"]
[Site "Winnipeg CAN"]
[Date "1999.09.19"]
[Round "4"]
[White "Lipnowski, Samuel"]
[Black "Xia, Yanchong"]
[Result "1-0"]
[WhiteElo "2030"]
[BlackElo "1814"]
[PlyCount "75"]
[GameId "2160767911742125"]
[EventDate "1999.09.18"]
[EventType "swiss"]
[EventRounds "4"]
[EventCountry "CAN"]

1. d4 Nf6 2. c4 g6 3. Nc3 Bg7 4. e4 d6 5. Nf3 O-O 6. Be2 Na6 7. O-O e5 8. d5 Nc5 9. Qc2 a5 10. Rb1 Nh5 11. Ne1 Nf4 12. Be3 Nxe2+ 13. Qxe2 f5 14. f3 f4 15. Bf2 g5 16. b3 h5 17. a3 g4 18. b4 axb4 19. axb4 Na4 20. Nxa4 Rxa4 21. Nd3 Qg5 22. Ra1 Rxa1 23. Rxa1 g3 24. Be1 Qh4 25. h3 Kh7 26. c5 Rf6 27. Ra7 Rg6 28. c6 bxc6 29. Rxc7 Bxh3 30. gxh3 Qxh3 31. Qg2 Qxg2+ 32. Kxg2 cxd5 33. exd5 h4 34. b5 Rh6 35. Kh3 Rg6 36. Rc2 Bf6 37. Ba5 e4 38. Nxf4 1-0

[Event "Manitoba-ch reserves"]
[Site "Winnipeg CAN"]
[Date "1999.02.12"]
[Round "1"]
[White "Gannon, Keith"]
[Black "Roque, Rodolfo"]
[Result "0-1"]
[WhiteElo "1652"]
[BlackElo "1963"]
[PlyCount "94"]
[GameId "2160767911805674"]
[EventDate "1999.02.12"]
[EventType "swiss"]
[EventRounds "5"]
[EventCountry "CAN"]

1. d4 e6 2. Nf3 b6 3. g3 Bb7 4. Bg2 Nf6 5. Bg5 Be7 6. Nbd2 d6 7. O-O Nbd7 8. c3 h6 9. Bxf6 Nxf6 10. Qc2 O-O 11. e4 c5 12. Rfe1 Qc7 13. Rad1 Rac8 14. Qb1 Rfd8 15. b3 Ba8 16. e5 Nd7 17. exd6 Bxd6 18. dxc5 Bxc5 19. Ne4 Be7 20. c4 Bb4 21. Re2 Ne5 22. Rxd8+ Rxd8 23. Nxe5 Qxe5 24. Re3 Qd4 25. g4 f5 26. gxf5 exf5 27. Ng3 f4 28. Bd5+ Bxd5 29. Rd3 Qe5 30. Nf1 Qe4 31. f3 Bc5+ 32. Kh1 Qg6 33. Nd2 Bxf3+ 34. Rxf3 Qxb1+ 35. Nxb1 Rd1+ 36. Kg2 Rxb1 37. Rxf4 Rb2+ 38. Kh3 Rxa2 39. Re4 Bd6 40. Rd4 Bxh2 41. b4 Kf7 42. c5 Ke6 43. cxb6 axb6 44. Rg4 Be5 45. Rg6+ Kf5 46. Rg2 Ra3+ 47. Kh4 g5+ 0-1

[Event "Manitoba-ch reserves"]
[Site "Winnipeg CAN"]
[Date "1999.02.12"]
[Round "1"]
[White "Khedkar, Jay"]
[Black "Charter, Bennet"]
[Result "1-0"]
[WhiteElo "1933"]
[BlackElo "1625"]
[PlyCount "57"]
[GameId "2160767911805675"]
[EventDate "1999.02.12"]
[EventType "swiss"]
[EventRounds "5"]
[EventCountry "CAN"]

1. e4 e6 2. d4 d5 3. Nd2 Nf6 4. e5 Nfd7 5. Bd3 c5 6. c3 Nc6 7. Ne2 cxd4 8. cxd4 f6 9. Nf4 Qe7 10. exf6 Nxf6 11. Nf3 Qc7 12. O-O Bd6 13. g3 O-O 14. Re1 e5 15. dxe5 Nxe5 16. Nxe5 Bxe5 17. Nxd5 Qd6 18. Bc4 Kh8 19. Bf4 Bxf4 20. Nxf4 Qxd1 21. Raxd1 Bg4 22. Be2 Bxe2 23. Rxe2 Rfe8 24. Kf1 g5 25. Rxe8+ Nxe8 26. Ne6 h6 27. Ke2 Kg8 28. Rd3 Kf7 29. Nd8+ 1-0

[Event "Manitoba-ch reserves"]
[Site "Winnipeg CAN"]
[Date "1999.02.12"]
[Round "1"]
[White "Medes, Bartek"]
[Black "Repa, Jason"]
[Result "0-1"]
[WhiteElo "1450"]
[BlackElo "1895"]
[PlyCount "64"]
[GameId "2160767911805676"]
[EventDate "1999.02.12"]
[EventType "swiss"]
[EventRounds "5"]
[EventCountry "CAN"]

1. d4 e6 2. c4 f5 3. g3 Nf6 4. Bg2 Ne4 5. Nd2 d5 6. Ngf3 Bb4 7. O-O O-O 8. cxd5 exd5 9. Nxe4 fxe4 10. Ne5 Nd7 11. Bxe4 c6 12. Nxd7 Bxd7 13. Bg2 Qf6 14. Bf4 Rae8 15. e3 Ba5 16. Qa4 Qd8 17. b4 Bb6 18. Qb3 Bg4 19. Rfe1 Qf6 20. Rac1 g5 21. Be5 Qxf2+ 22. Kh1 Bf3 23. Bxf3 Qxf3+ 24. Kg1 Qf2+ 25. Kh1 Qf3+ 26. Kg1 Qf2+ 27. Kh1 Re6 28. Rf1 Qe2 29. Rfe1 Qf3+ 30. Kg1 Qf2+ 31. Kh1 Rh6 32. h4 gxh4 0-1

[Event "Manitoba-ch reserves"]
[Site "Winnipeg CAN"]
[Date "1999.02.12"]
[Round "1"]
[White "Thomlison, Gary"]
[Black "Ott, Richard"]
[Result "1/2-1/2"]
[WhiteElo "1898"]
[BlackElo "1470"]
[PlyCount "50"]
[GameId "2160767911805677"]
[EventDate "1999.02.12"]
[EventType "swiss"]
[EventRounds "5"]
[EventCountry "CAN"]

1. c4 Nf6 2. e3 c6 3. g3 d5 4. b3 g6 5. Bb2 Bg7 6. Bg2 dxc4 7. bxc4 O-O 8. Ne2 Nbd7 9. d4 Qa5+ 10. Bc3 Qa6 11. Nd2 Nb6 12. c5 Nbd5 13. O-O Bg4 14. Nf3 Rad8 15. h3 Nxc3 16. Nxc3 Bxf3 17. Qxf3 Nd7 18. Rab1 Nxc5 19. dxc5 Bxc3 20. Rfc1 Qa3 21. Rc2 Rd2 22. Rb3 Qxb3 23. axb3 Rxc2 24. Qe4 Rc1+ 25. Kh2 e6 1/2-1/2

[Event "Manitoba-ch reserves"]
[Site "Winnipeg CAN"]
[Date "1999.02.12"]
[Round "1"]
[White "Trueman, Francis"]
[Black "Lukic, Luka"]
[Result "0-1"]
[WhiteElo "1519"]
[BlackElo "1930"]
[PlyCount "114"]
[GameId "2160767911805678"]
[EventDate "1999.02.12"]
[EventType "swiss"]
[EventRounds "5"]
[EventCountry "CAN"]

1. Nf3 d5 2. g3 Nf6 3. d3 Nc6 4. Bg2 e5 5. O-O Bc5 6. e4 dxe4 7. dxe4 Qxd1 8. Rxd1 Nxe4 9. Rf1 Nd6 10. Nc3 O-O 11. Nd5 Ne8 12. Bd2 f6 13. b4 Bd6 14. c4 Rf7 15. b5 Nd8 16. Rfe1 Be6 17. Bc3 Bxd5 18. cxd5 Bc5 19. Nh4 Nd6 20. Rac1 Bb6 21. a4 a5 22. g4 Re7 23. Re2 Rd7 24. Bh3 g5 25. Nf5 Nxf5 26. gxf5 Nf7 27. Rd1 Rad8 28. Bg2 Nd6 29. Bh3 h5 30. Bxe5 fxe5 31. Rxe5 g4 32. Bg2 Re8 33. Rxe8+ Nxe8 34. Re1 Kf7 35. Re6 Nf6 36. Re5 Re7 37. Re6 Rxe6 38. dxe6+ Ke7 39. Bxb7 h4 40. Kg2 Nh5 41. Kf1 Nf4 42. Be4 Nh3 43. f3 Ng5 44. Kg2 Bc5 45. Bc6 gxf3+ 46. Bxf3 Kf6 47. Bg4 Ke5 48. h3 Be7 49. Kf2 Ne4+ 50. Ke3 Nc3 51. Kd3 Nxa4 52. Kc4 Nb6+ 53. Kb3 a4+ 54. Ka2 Nd5 55. Bf3 Ne3 56. Bg4 Nxg4 57. hxg4 h3 0-1

[Event "Manitoba-ch reserves"]
[Site "Winnipeg CAN"]
[Date "1999.02.13"]
[Round "2"]
[White "Gantzert, Rene"]
[Black "Boron, Anthony"]
[Result "0-1"]
[WhiteElo "1704"]
[BlackElo "1877"]
[PlyCount "66"]
[GameId "2160767911805679"]
[EventDate "1999.02.12"]
[EventType "swiss"]
[EventRounds "5"]
[EventCountry "CAN"]

1. d4 Nf6 2. c4 c5 3. d5 b5 4. cxb5 a6 5. Nc3 g6 6. e4 d6 7. bxa6 Bg7 8. f3 O-O 9. Be3 Bxa6 10. Bxa6 Nxa6 11. Qd2 Re8 12. Nge2 Nd7 13. h4 Ne5 14. b3 h5 15. Ng3 Qa5 16. Rc1 Nb4 17. O-O Nxa2 18. Nxa2 Qxa2 19. Qxa2 Rxa2 20. Rfd1 Rb8 21. Rb1 Ra3 22. f4 Raxb3 23. Rxb3 Rxb3 24. fxe5 Rxe3 25. Kf2 Rb3 26. exd6 exd6 27. Ne2 Bf6 28. g3 Be5 29. Kg2 Re3 30. Nf4 Rxe4 31. Kf3 Ra4 32. Rb1 Ra3+ 33. Ke4 f5# 0-1

[Event "Manitoba-ch reserves"]
[Site "Winnipeg CAN"]
[Date "1999.02.13"]
[Round "2"]
[White "Gibson, Kris"]
[Black "Thomlison, Gary"]
[Result "0-1"]
[WhiteElo "1775"]
[BlackElo "1894"]
[PlyCount "62"]
[GameId "2160767911805680"]
[EventDate "1999.02.12"]
[EventType "swiss"]
[EventRounds "5"]
[EventCountry "CAN"]

1. e4 g6 2. d4 Bg7 3. c4 d6 4. Nc3 Nd7 5. Nf3 e5 6. d5 Ne7 7. Be2 O-O 8. Be3 f5 9. exf5 Nxf5 10. Bg5 Nf6 11. Ne4 Bd7 12. O-O h6 13. Bxf6 Bxf6 14. Nxf6+ Qxf6 15. b3 Rae8 16. Rc1 e4 17. Ne1 Qe5 18. Bg4 Re7 19. Bxf5 Rxf5 20. Nc2 Rh5 21. g3 Rf7 22. Nd4 e3 23. Qd3 Rxf2 24. Rxf2 exf2+ 25. Kxf2 Rxh2+ 26. Kg1 Qh5 27. Rc2 Rh1+ 28. Kf2 Bg4 29. Qe4 Qh2+ 30. Ke3 Qxg3+ 31. Kd2 Rd1# 0-1

[Event "Manitoba-ch reserves"]
[Site "Winnipeg CAN"]
[Date "1999.02.13"]
[Round "2"]
[White "Repa, Jason"]
[Black "Khedkar, Jay"]
[Result "1-0"]
[WhiteElo "1895"]
[BlackElo "1933"]
[PlyCount "45"]
[GameId "2160767911805681"]
[EventDate "1999.02.12"]
[EventType "swiss"]
[EventRounds "5"]
[EventCountry "CAN"]

1. f4 g6 2. e4 d6 3. Nf3 Bg7 4. d4 c5 5. c3 cxd4 6. cxd4 Nf6 7. Nc3 O-O 8. Bc4 e6 9. O-O Nxe4 10. Nxe4 d5 11. Bd3 dxe4 12. Bxe4 Nd7 13. Ne5 Qb6 14. Kh1 Rd8 15. Be3 Nf6 16. Qf3 Nxe4 17. Qxe4 Qxb2 18. Rfc1 Rd5 19. Rab1 Qe2 20. Rc2 Qa6 21. Rc7 f5 22. Qc2 Rd8 23. Rxg7+ 1-0

[Event "Manitoba-ch reserves"]
[Site "Winnipeg CAN"]
[Date "1999.02.13"]
[Round "2"]
[White "Roque, Rodolfo"]
[Black "Park, Kent"]
[Result "1-0"]
[WhiteElo "1963"]
[BlackElo "1838"]
[PlyCount "117"]
[GameId "2160767911805682"]
[EventDate "1999.02.12"]
[EventType "swiss"]
[EventRounds "5"]
[EventCountry "CAN"]

1. e4 Nf6 2. Nc3 d6 3. Bc4 c6 4. a4 g6 5. d4 Bg7 6. Nf3 O-O 7. O-O d5 8. exd5 cxd5 9. Bb3 Bg4 10. h3 Bxf3 11. Qxf3 Nc6 12. Rd1 Nb4 13. Bg5 h6 14. Bxf6 Bxf6 15. Nxd5 Nxd5 16. Bxd5 Rc8 17. c3 b6 18. Bb3 a5 19. Re1 Qd6 20. Re4 Rc7 21. Rae1 Kg7 22. Qe2 Rb8 23. Bc4 Rbc8 24. Bb3 Qd7 25. Rg4 Re8 26. Re4 e6 27. Bc4 Rd8 28. Bb5 Qd5 29. c4 Qd6 30. Rd1 Qb4 31. Rd2 Rd6 32. Qd1 Rc8 33. Re3 Rdd8 34. Red3 Bg5 35. Re2 Bf4 36. g3 Bg5 37. h4 Bf6 38. Red2 Qe7 39. Qf3 Rd6 40. Qd1 Rcd8 41. b3 Qb7 42. c5 Rd5 43. c6 Qc7 44. Bc4 R5d6 45. d5 exd5 46. Bxd5 h5 47. Qf3 Be5 48. Qe4 Rf6 49. Re2 Bd6 50. Kg2 Rf5 51. Qc4 Bc5 52. Be4 Rf6 53. Red2 Rfd6 54. Qc3+ f6 55. Qc4 Bb4 56. Rd1 Bc5 57. Qa6 Rxd3 58. Rxd3 Qe5 59. Qb7+ 1-0

[Event "March of Kings"]
[Site "Calgary CAN"]
[Date "1999.03.13"]
[Round "1"]
[White "Day, Jonathan"]
[Black "Odachowski, Arthur"]
[Result "0-1"]
[WhiteElo "1742"]
[BlackElo "2238"]
[PlyCount "70"]
[GameId "2160767911805403"]
[EventDate "1999.03.13"]
[EventType "swiss"]
[EventRounds "5"]
[EventCountry "CAN"]
[SourceTitle "EXT 2017"]
[Source "ChessBase"]
[SourceDate "2016.10.25"]
[SourceVersion "1"]
[SourceVersionDate "2016.10.25"]
[SourceQuality "1"]

1. Nf3 g6 2. e4 Bg7 3. d4 d6 4. c3 c6 5. Bc4 b5 6. Bb3 e6 7. O-O Nd7 8. Qe2 a6 9. Be3 Qc7 10. Nbd2 Bb7 11. Rac1 Ne7 12. c4 O-O 13. cxb5 axb5 14. Rc2 Qa5 15. Rfc1 Rac8 16. Ng5 d5 17. e5 Nf5 18. f4 Qb4 19. Ngf3 Nxe3 20. Qxe3 Rfe8 21. a3 Qe7 22. g4 f6 23. Nf1 fxe5 24. fxe5 Rf8 25. Rf2 c5 26. dxc5 Nxc5 27. Bc2 Ne4 28. Re2 Rc4 29. h3 Qc7 30. Nd4 Qxe5 31. Nxb5 Qxb2 32. Rb1 Qf6 33. Bd3 d4 34. Nxd4 Rxd4 35. Rxb7 Qxf1+ 0-1

[Event "March of Kings"]
[Site "Calgary CAN"]
[Date "1999.03.13"]
[Round "1"]
[White "Miller, Brian"]
[Black "Ottosen, David"]
[Result "0-1"]
[WhiteElo "1693"]
[BlackElo "2088"]
[PlyCount "62"]
[GameId "2160767911805404"]
[EventDate "1999.03.13"]
[EventType "swiss"]
[EventRounds "5"]
[EventCountry "CAN"]
[SourceTitle "EXT 2017"]
[Source "ChessBase"]
[SourceDate "2016.10.25"]
[SourceVersion "1"]
[SourceVersionDate "2016.10.25"]
[SourceQuality "1"]

1. d4 d5 2. c4 Nc6 3. Nf3 Bg4 4. Nc3 Nf6 5. Bg5 dxc4 6. e3 e5 7. d5 e4 8. dxc6 exf3 9. cxb7 Qxd1+ 10. Rxd1 Rb8 11. Rd2 Rxb7 12. Bxf6 gxf6 13. g3 Be6 14. a3 Be7 15. Nd1 Rb6 16. Rc2 Rc6 17. e4 O-O 18. Ne3 c3 19. Nf5 Bxf5 20. exf5 cxb2 21. Rxb2 Bxa3 22. Rb3 Re8+ 23. Kd2 Bc1+ 24. Kd3 Re1 25. Kd4 Rd6+ 26. Kc5 Rdd1 27. Rxf3 Rxf1 28. Rxf1 Rxf1 29. Kc6 a5 30. Kxc7 a4 31. Rf4 Bxf4+ 0-1